Les couleurs du deuil dans le monde - Statistiques

Statistiques générales
  • Ce quiz a été pris 95 fois
  • Le résultat moyen est 3 sur 15
Statistiques - réponses
Hint Réponse % Correct
France Noir
94%
Italie Noir
40%
Royaume-Uni Noir
39%
Chine Blanc
25%
Japon Blanc
22%
Thaïlande Noir
22%
Egypte Jaune
14%
Afrique-du-Sud Rouge
14%
France - reines Blanc
12%
France - fin de deuil Violet
9%
Mexique Orange
8%
France - roi Violet
8%
Iran Bleu
7%
Philippines Jaune
7%
Thaïlande (veuves) Violet
7%
Aucun quiz correspondant
Distribution des résultats
% des personnes avec chaque résultat
Percentile par nombre de réponses
Votre historique - résultats
Vous n’avez pas pris ce quiz